000
00245nam a2200109Ia 4500
082
_a
651.74
_b
MAL
100
_a
Malik,R.M.S
245
_a
BUSINESS COMMUNICATION
260
_b
DHANPAT RAI PUB.
_a
NEW DELHI
_c
2003
300
_a
175p.
942
_2
ddc
_c
FCM
999
_c
6432
_d
6432